000 00378nam a2200145Ia 4500
008 240624s9999 xx 000 0 und d
041 _aeng
082 _a670 OST
100 _aOSTWALD PHILLIP F
245 _aMANUFACTURING PROCESSES AND SYSTEMS
250 _a(9th ed.)
260 _c2002
_aNew Delhi
_bJohn Wiley & Sons
300 _axvii, : 765 : p. : cm. ; 24
365 _c
_b25
999 _c4173
_d4173